000 00518nam a2200205 4500
003 LK-CoMWRAF
005 20231019221442.0
008 231019b |||||||| |||| 00| 0 eng d
020 _a1551661888
040 _aLK-CoMWRAF
_dLK-CoMWRAF
_eLK-CoMWRAF
041 _aeng
082 _a823
_bBAX
100 _aBaxter, Mary Lynn
245 _aA Day in April
260 _aRichmond :
_bMira,
_c1996
300 _a442p. ; 20 cm.
650 _aEnglish Fiction
650 _aEnglish Fiction--United States
942 _cBK
999 _c3944
_d3944